00441 2200181 4500001002100000005001500021035002000036245002200056100001400078250001100092300002600103260003100129082000800160084001400168020002200182008003900204990001600243INLIS00000000000300020220525114725 a0010-05220000351 aBumi /cTere Liye0 aTere Liye aCet 21 a438 hlm ;c13 x 19 cm aJakarta :bGramedia,c2018 a899 a899 TER b a978-602-03-3295-6220525 | | |  a00000003037